[Event "DSB-Frauenkader-Challenge 2021"]
[Site "Magdeburg"]
[Date "2021.04.06"]
[Round "2.4"]
[White "Bashylina, Luisa"]
[Black "Schneider, Jana"]
[Result "0-1"]
[WhiteElo "1978"]
[BlackElo "2272"]
[Annotator "NA"]
[PlyCount "104"]
[EventDate "2021.03.30"]
[EventType "tourn"]
[EventCountry "GER"]
[SourceTitle "playchess.com"]
[Source "ChessBase"]
[SourceQuality "1"]
[TimeControl "40/5400+30:1800+30"]

1. e4 {[%emt 0:00:00]} e5 {[%emt 0:00:00]} 2. Nf3 {[%emt 0:00:00]} Nc6 {[%emt 0:00:00]} 3. d4 {[%emt 0:00:00]} exd4 {[%emt 0:00:00]} 4. Nxd4 {[%emt 0:00:00]} Bc5 {[%emt 0:00:02]} 5. Be3 {[%emt 0:00:00]} Qf6 {[%emt 0:00:11]} 6. c3 {[%emt 0:00:05]} Nge7 {[%emt 0:00:13]} 7. Bc4 {[%emt 0:00:08]} O-O {[%emt 0:00:12]} 8. O-O {[%emt 0:00:10]} Ne5 {[%emt 0:00:11]} 9. Be2 {[%emt 0:00:10]} Qg6 {[%emt 0:00:18]} 10. Nd2 {[%emt 0:08:59]} d5 {[%emt 0:00:58]} 11. Bh5 {[%emt 0:04:35]} Qd6 {[%emt 0:00:42]} 12. f4 {[%emt 0:05:33]} N5c6 {[%emt 0:00:21]} 13. e5 {[%emt 0:07:28]} Qh6 {[%emt 0:00:32]} 14. N2b3 {[%emt 0:07:50]} Bb6 {[%emt 0:01:21]} 15. Qe2 {[%emt 0:01:03]} Nxd4 {[%emt 0:01:05]} 16. Bxd4 {[%emt 0:03:05]} Nf5 {[%emt 0:06:02]} 17. Bxb6 {[%emt 0:02:15]} Qxb6+ {[%emt 0:04:44]} 18. Kh1 {[%emt 0:01:31]} a5 {[%emt 0:08:22]} 19. Rae1 {[%emt 0:11:27]} a4 {[%emt 0:03:15]} 20. Nd4 {[%emt 0:03:14]} Nxd4 {[%emt 0:08:11]} 21. cxd4 {[%emt 0:00:11]} Qxd4 {[%emt 0:03:05]} 22. f5 {[%emt 0:00:33]} Ra6 {[%emt 0:03:31]} 23. Rc1 {[%emt 0:11:01]} c5 {[%emt 0:08:13]} 24. Rfd1 {[%emt 0:07:07]} Qe4 {[%emt 0:06:36]} 25. Rxc5 {[%emt 0:01:06]} Qxf5 {[%emt 0:03:14]} 26. Rcxd5 $15 {[%emt 0:03:48]} Rh6 {[%emt 0:01:10]} 27. g4 {[%emt 0:03:55]} Qf4 {[%emt 0:05:56]} 28. Rf1 {[%emt 0:02:24]} Qg5 {[%emt 0:04:36]} 29. Bxf7+ {[%emt 0:11:19]} Rxf7 {[%emt 0:01:03]} 30. Rxf7 {[%emt 0:00:21]} Be6 {[%emt 0:09:51]} 31. Rfd7 {[%emt 0:02:29]} Qc1+ {[%emt 0:01:11]} 32. Qd1 {[%emt 0:00:59]} Bxd5+ {[%emt 0:01:33]} 33. Rxd5 {[%emt 0:00:02]} Rc6 {[%emt 0:00:48]} 34. e6 {[%emt 0:01:43]} Kf8 {[%emt 0:00:37]} 35. Rd8+ {[%emt 0:00:49]} Ke7 {[%emt 0:00:06]} 36. Rd7+ {[%emt 0:00:10]} Kxe6 {[%emt 0:00:38]} 37. Rd6+ {[%emt 0:00:07]} Ke5 {[%emt 0:00:48]} 38. Rd5+ {[%emt 0:00:07]} Kf6 {[%emt 0:00:35]} 39. Rd6+ {[%emt 0:00:15]} Kg5 {[%emt 0:00:42]} 40. Rd5+ {[%emt 0:00:08]} Kh6 {[%emt 0:00:52]} 41. Rd6+ {[%emt 0:31:49]} g6 {[%emt 0:32:10]} 42. Rd4 {[%emt 0:00:00]} b5 {[%emt 0:00:00]} 43. a3 {[%emt 0:00:00]} Qxd1+ {[%emt 0:00:00]} 44. Rxd1 {[%emt 0:00:00]} Rc2 {[%emt 0:00:00]} 45. Rb1 {[%emt 0:00:00]} Kg5 {[%emt 0:00:00]} 46. b3 {[%emt 0:00:00]} Kxg4 {[%emt 0:00:00]} 47. bxa4 {[%emt 0:00:00]} bxa4 {[%emt 0:00:00]} 48. Rg1+ {[%emt 0:00:00]} Kf4 {[%emt 0:00:00]} 49. h3 {[%emt 0:00:00]} Ra2 {[%emt 0:00:00]} 50. Rg4+ {[%emt 0:00:00]} Kf3 {[%emt 0:00:00]} 51. Rxa4 {[%emt 0:00:00]} Kg3 {[%emt 0:00:00]} 52. Rg4+ {[%emt 0:00:00]} Kxh3 {[%emt 0:00:00]} 0-1

[Event "DSB-Frauenkader-Challenge 2021"]
[Site "Magdeburg"]
[Date "2021.04.07"]
[Round "3.2"]
[White "Muetsch, Annmarie"]
[Black "Bashylina, Luisa"]
[Result "1-0"]
[WhiteElo "2266"]
[BlackElo "1978"]
[Annotator "TA"]
[PlyCount "113"]
[EventDate "2021.03.30"]
[EventType "tourn"]
[EventCountry "GER"]
[SourceTitle "playchess.com"]
[Source "ChessBase"]
[SourceQuality "1"]

{[%evp 10,113,21,26,46,41,50,48,62,60,76,32,52,-29,-18,-63,-59,-65,-52,-79,-66,-102,-89,-83,-50,-62,-54,-93,-45,-46,20,18,16,0,0,0,0,0,0,0,0,0,5,0,0,0,0,0,0,0,0,-39,9,0,0,0,0,0,0,0,21,37,72,83,73,70,793,686,1676,1481,1101,635,502,627,627,627,627,627,627,627,627,627,620,613,606,589,561,546,1648,1538,1344,1302,4428,3668,12839,10568,10531,7436,5808,5181,29977,29978,29976,29975,29978,29980]} 1. e4 c5 2. Nf3 a6 3. c4 Nc6 4. d4 cxd4 5. Nxd4 e5 6. Nf5 d6 {B28: Sicilian: 2 Nf3 a6 (O'Kelly Variation).} 7. Nc3 g6 8. Ne3 Bh6 {White is slightly better.} 9. Be2 Nf6 {[#]} 10. h4 $146 ({Predecessor:} 10. O-O O-O 11. b3 Nd4 12. Bb2 Be6 13. Nc2 Nxe2+ 14. Qxe2 Nh5 15. Nd5 Bxd5 16. cxd5 {½-½ (27) Blagojevic,T (2194)-Miladinovic,L (2066) Valjevo 2020}) 10... Nd4 11. Bf3 (11. Nc2 $14 Bxc1 12. Rxc1) 11... Be6 $11 12. Ncd5 Rc8 13. b3 Bxd5 14. exd5 Bg7 15. h5 Nxf3+ (15... gxh5 $6 16. Bb2 $14) 16. Qxf3 Nxh5 17. Rxh5 gxh5 18. Nf5 Qf6 {aiming for ...e4!} 19. Qxh5 {Strongly threatening Qg4.} e4 (19... Bf8 $15) 20. Rb1 {Bb2 is the strong threat.} Qg6 $1 {Threatens to win with ...Bc3+.} 21. Qxg6 hxg6 22. Nxd6+ {[%mdl 64] [#] Double Attack} ({Reject} 22. Nxg7+ Kf8 $17) 22... Kd7 23. Nxc8 Rh1+ 24. Kd2 {Black must now prevent Nb6+.} Kxc8 {[%mdl 4096] Endgame KRB-KRB} 25. Kc2 Rh2 26. Bb2 Bxb2 27. Rxb2 Rxg2 {KR-KR} 28. Kc3 g5 29. Kd4 f5 {Hoping for ...g4.} 30. Ke3 Kd7 31. c5 Rg1 32. Kd4 Rg2 33. Re2 g4 {And now ...g3 would win.} 34. Ke3 $1 Ke7 35. b4 Kf6 {[#]} 36. c6 $1 {[%cal Rc6b7]} bxc6 37. dxc6 Rh2 $2 {[%mdl 8192] This costs Black the game.} (37... Ke7 $14) 38. c7 $18 Rh8 39. Rc2 Rc8 40. Kf4 Ke6 41. a4 Kd6 42. Kxf5 g3 43. fxg3 e3 44. Ke4 e2 45. Rxe2 Rxc7 46. Rd2+ Ke6 47. g4 Rc1 48. Rd4 Kf6 49. Kd5 Ke7 50. Rc4 Rd1+ 51. Kc6 Rd6+ 52. Kb7 Kd7 53. g5 Rg6 54. Rc5 Re6 55. Rd5+ {White mates.} Ke7 56. b5 axb5 57. axb5 {Weighted Error Value: White=0.19/Black=0.13} 1-0

[Event "DSB-Frauenkader-Challenge 2021"]
[Site "Magdeburg"]
[Date "2021.04.07"]
[Round "3.3"]
[White "Heinemann, Josefine"]
[Black "Lubbe, Melanie"]
[Result "1-0"]
[WhiteElo "2296"]
[BlackElo "2274"]
[Annotator "TA"]
[PlyCount "107"]
[EventDate "2021.03.30"]
[EventType "tourn"]
[EventCountry "GER"]
[SourceTitle "playchess.com"]
[Source "ChessBase"]
[SourceQuality "1"]

{[%evp 16,107,39,10,11,11,9,15,13,0,1,0,10,0,14,0,0,0,35,42,50,38,39,37,44,0,43,8,14,0,59,0,0,0,0,0,12,1,30,4,23,0,43,42,43,43,43,37,43,43,43,43,69,68,91,72,86,68,72,51,162,159,166,162,411,268,590,585,582,574,803,801,779,777,739,740,709,706,706,702,731,731,731,725,716,709,701,695,1842,1682,977,694,694,690]} 1. e4 c5 2. Nf3 d6 3. d4 cxd4 4. Nxd4 Nf6 5. Nc3 Nc6 6. f3 e5 7. Nb3 Be7 8. Be3 Be6 9. Nd5 O-O {seems to push 9...Bxd5 aside. B56: Classical Sicilian: Unusual Lines.} 10. c4 a5 {10...Nd7 is not played anymore.} 11. Be2 Nd7 {The position is equal.} 12. Nxe7+ Qxe7 13. O-O f5 14. exf5 Bxf5 15. Qd2 a4 16. Nc1 {[#]} Nc5 $146 ({Predecessor:} 16... Be6 17. Rd1 Nf6 18. Qxd6 Qf7 19. Qa3 Bxc4 20. Bxc4 Qxc4 21. Nd3 e4 22. Rac1 Qb5 23. fxe4 Nxe4 24. Nc5 {½-½ (24) Adams,M (2271)-Santamaria Perez,T (2343) ICCF email 2016}) 17. Nd3 Ne6 18. Nb4 Nxb4 19. Qxb4 Nd4 20. Qd2 Nc2 21. Bg5 Qe6 22. Rad1 h6 (22... Nd4 $11) 23. Bh4 (23. Be3 $14) 23... Nd4 $11 24. Bf2 Nxe2+ 25. Qxe2 Qg6 26. Bg3 Ra6 27. Rd2 Rc8 28. Rfd1 Qe6 29. Rd5 Qe7 {Black wants to play ...Be6.} 30. b3 Be6 {White must now prevent ...axb3.} 31. R5d2 axb3 32. axb3 Rca8 33. h3 Bf5 34. Kh2 h5 35. h4 Rf8 36. Qe3 Rc6 37. Qg5 Rf6 {White now steadily converts the win.} ({Black should play} 37... Qxg5 $14 38. hxg5 Rf7) 38. c5 $18 Rxc5 {[#]} 39. Rxd6 {[%mdl 576] Strongly threatening Rd8+. Pin} Bg6 $2 (39... Qf7 40. Rxf6 Qxf6) 40. Rd8+ Kh7 $2 (40... Be8 41. Rb8 Qf7) 41. R1d7 {White is clearly winning.} Qe6 42. Rxb7 {White threatens Rbb8 and mate.} Rd5 43. Ra8 {White wants to mate with Rbb8.} e4 {[#]} 44. Rbb8 $1 {[%csl Ga8][%cal Rb8h8]} Be8 45. Rxe8 {[%csl Ga8][%cal Re8h8]} Rxg5 46. Rxe6 Rxe6 47. hxg5 exf3 48. gxf3 {[%mdl 4096] Endgame KRB-KR} Kg6 49. Bf4 Re1 50. Ra5 Rb1 51. Rb5 h4 52. Kh3 Kh5 53. g6+ Kxg6 54. Kxh4 {Weighted Error Value: White=0.21/Black=0.35} 1-0

[Event "DSB-Frauenkader-Challenge 2021"]
[Site "Magdeburg"]
[Date "2021.04.07"]
[Round "3.4"]
[White "Ziegenfuss, Antonia"]
[Black "Paehtz, Elisabeth"]
[Result "1-0"]
[WhiteElo "2101"]
[BlackElo "2467"]
[Annotator "TA"]
[PlyCount "69"]
[EventDate "2021.03.30"]
[EventType "tourn"]
[EventCountry "GER"]
[SourceTitle "playchess.com"]
[Source "ChessBase"]
[SourceQuality "1"]

{[%evp 13,69,0,7,-15,0,5,4,19,33,6,40,55,50,41,102,93,146,58,49,64,229,209,235,203,229,228,317,308,722,690,649,643,877,875,842,762,971,920,1218,1166,5827,3089,29989,29990,29990,29991,29989,1407,1185,1268,29975,29975,29987,29988,29989,29990,29991,29992]} 1. c4 c5 2. Nc3 Nc6 3. Nf3 g6 4. g3 Bg7 5. Bg2 e6 6. e3 Nge7 7. O-O Nf5 8. e4 {A37: Symmetrical English vs ...g6: 4 Bg2 Bg7 5 Nf3.} Nfe7 {[#]} 9. d4 $146 ({Predecessor:} 9. d3 a6 10. Be3 Nd4 11. Nd2 O-O 12. f4 d6 13. Nf3 Nec6 14. Qd2 Rb8 15. Ne2 b5 16. Bxd4 Nxd4 17. Nexd4 cxd4 {0-1 (61) Bosenius,B-Kuznetsov,A Winnipeg 1985}) 9... Nxd4 10. Nxd4 {The position is equal.} cxd4 11. Nb5 Qb6 12. a4 $1 {[%cal Ba2a4,Ba4a5][%mdl 1056] White has compensation.} O-O 13. a5 Qc6 (13... Qd8 $1 $14) 14. b3 $1 $16 {Black must now prevent e5.} d5 (14... a6 $142 15. Nxd4 Qc7) 15. Ba3 ({White should try} 15. exd5 $1 $16 Qd7 16. d6 (16. Nxd4 exd5 17. cxd5 Nxd5 $14)) 15... dxc4 $14 16. Bxe7 Re8 {This costs Black the game.} (16... Qxb5 $14 17. Bxf8 Kxf8) 17. Nxd4 $18 Bxd4 {[#]} 18. e5 $1 Qd7 19. Bf6 {And now Qc1! would win.} Bxa1 20. Qxa1 {Strongly threatening Qc1.} h6 $2 ({Avoid the trap} 20... cxb3 $2 21. Qc1 $18) (20... Qd2) 21. Qc1 Kh7 22. Rd1 Rb8 23. Rxd7 Bxd7 24. bxc4 Rec8 25. Qf4 b5 26. Be7 Kg7 27. Be4 {Intending Bxg6! and mate.} Rxc4 28. Qf6+ Kg8 29. Bxg6 Be8 {[#]} 30. Bh5 (30. Bc2 $142 $1 {[%mdl 512]} Rxc2 (30... Rb7 31. Qxh6) 31. Qxh6 Rc1+ 32. Kg2 f5 33. exf6 Bc6+ 34. Kh3 Bg2+ 35. Kxg2) 30... Rb7 31. Bd6 Bc6 32. Qxh6 {White mates.} Ra4 33. f3 Rd7 34. Bf8 {[%csl Gf8][%cal Rh6g7]} f5 35. exf6 {Weighted Error Value: White=0.07/Black=0.87} 1-0

[Event "DSB-Frauenkader-Challenge 2021"]
[Site "Magdeburg"]
[Date "2021.04.08"]
[Round "4.1"]
[White "Sieber, Fiona"]
[Black "Paehtz, Elisabeth"]
[Result "0-1"]
[WhiteElo "2275"]
[BlackElo "2467"]
[Annotator "ChessBase"]
[PlyCount "90"]
[EventDate "2021.03.30"]
[EventType "tourn"]
[EventCountry "GER"]
[SourceTitle "playchess.com"]
[Source "ChessBase"]
[SourceQuality "1"]
[TimeControl "40/5400+30:1800+30"]

1. e4 {[%emt 0:00:00]} c5 {[%emt 0:00:00]} 2. Nf3 {[%emt 0:00:30]} Nc6 {[%emt 0:00:30]} 3. d4 {[%emt 0:00:30]} cxd4 {[%emt 0:00:30]} 4. Nxd4 {[%emt 0:00:30]} Qb6 {[%emt 0:00:30]} 5. Nb3 {[%emt 0:00:00]} Nf6 {[%emt 0:00:00]} 6. Nc3 {[%emt 0:00:00]} e6 {[%emt 0:00:00]} 7. Qe2 {[%emt 0:01:08]} Bb4 {[%emt 0:00:00]} 8. Bd2 {[%emt 0:01:51]} O-O {[%emt 0:01:34]} 9. a3 {[%emt 0:01:04]} Be7 {[%emt 0:00:13]} 10. O-O-O {[%emt 0:01:41]} d5 {[%emt 0:00:31]} 11. e5 {[%emt 0:01:29]} Nd7 {[%emt 0:04:13]} 12. f4 {[%emt 0:03:27]} a6 {[%emt 0:00:36]} 13. h4 {[%emt 0:05:22]} Rd8 {[%emt 0:11:59]} 14. Be3 {[%emt 0:04:58]} Qc7 {[%emt 0:00:04]} 15. h5 {[%emt 0:00:39]} b5 {[%emt 0:02:26]} 16. Rh3 {[%emt 0:04:25]} Bf8 {[%emt 0:03:40]} 17. h6 {[%emt 0:12:00]} g6 {[%emt 0:00:07]} 18. g4 {[%emt 0:00:21]} Rb8 {[%emt 0:03:22]} 19. Bg2 {[%emt 0:11:23]} b4 {[%emt 0:02:37]} 20. axb4 {[%emt 0:00:12]} Nxb4 {[%emt 0:00:08]} 21. Bg1 {[%emt 0:08:53]} Nb6 {[%emt 0:10:04]} 22. Bf1 {[%emt 0:16:01]} Bd7 {[%emt 0:02:31]} 23. Qf2 {[%emt 0:01:31]} Rdc8 {[%emt 0:01:56]} 24. Kb1 {[%emt 0:04:14]} Be7 {[%emt 0:06:55]} 25. Rd2 {[%emt 0:07:54]} Nc4 {[%emt 0:13:11]} 26. Bxc4 {[%emt 0:00:12]} Qxc4 {[%emt 0:00:05]} 27. Rd4 {[%emt 0:03:02]} Qc7 {[%emt 0:00:47]} 28. Qd2 {[%emt 0:00:51]} a5 {[%emt 0:00:44]} 29. Rf3 {[%emt 0:06:38]} a4 {[%emt 0:01:40]} 30. Nc1 {[%emt 0:00:02]} Qb7 {[%emt 0:00:56]} 31. b3 {[%emt 0:01:35]} Ra8 {[%emt 0:02:51]} 32. f5 {[%emt 0:00:32]} axb3 {[%emt 0:01:11]} 33. cxb3 {[%emt 0:00:13]} Nc6 {[%emt 0:02:15]} 34. fxg6 {[%emt 0:01:54]} fxg6 {[%emt 0:00:05]} 35. Rxd5 {[%emt 0:00:46]} Nb4 {[%emt 0:10:21]} 36. Rxd7 {[%emt 0:00:23]} Qxf3 {[%emt 0:00:04]} 37. Rxe7 {[%emt 0:00:22]} Rxc3 {[%emt 0:01:35]} 38. Ba7 {[%emt 0:01:16]} Rxb3+ {[%emt 0:04:23]} 39. Nxb3 {[%emt 0:00:01]} Qxb3+ {[%emt 0:00:05]} 40. Qb2 {[%emt 0:00:04]} Qd3+ {[%emt 0:00:29]} 41. Ka1 {[%emt 0:30:10]} Qd1+ {[%emt 0:30:15]} 42. Qb1 {[%emt 0:00:10]} Qd4+ {[%emt 0:00:05]} 43. Qb2 {[%emt 0:00:12]} Rxa7+ {[%emt 0:00:18]} 44. Rxa7 {[%emt 0:00:07]} Qxa7+ {[%emt 0:00:03]} 45. Kb1 {[%emt 0:00:04]} Qg1+ {[%emt 0:00:12]} 0-1

[Event "DSB-Frauenkader-Challenge 2021"]
[Site "Magdeburg"]
[Date "2021.04.08"]
[Round "4.2"]
[White "Lubbe, Melanie"]
[Black "Ziegenfuss, Antonia"]
[Result "1-0"]
[WhiteElo "2274"]
[BlackElo "2101"]
[Annotator "NA"]
[PlyCount "77"]
[EventDate "2021.03.30"]
[EventType "tourn"]
[EventCountry "GER"]
[SourceTitle "playchess.com"]
[Source "ChessBase"]
[SourceQuality "1"]
[TimeControl "40/5400+30:1800+30"]

1. c4 {[%emt 0:00:00]} c5 {[%emt 0:00:00]} 2. g3 {[%emt 0:00:00]} Nf6 {[%emt 0:00:00]} 3. Bg2 {[%emt 0:00:00]} d5 {[%emt 0:00:03]} 4. cxd5 {[%emt 0:00:00]} Nxd5 {[%emt 0:00:06]} 5. Nc3 {[%emt 0:00:18]} Nc7 {[%emt 0:00:11]} 6. Nf3 {[%emt 0:00:22]} Nc6 {[%emt 0:00:18]} 7. O-O {[%emt 0:00:14]} e5 {[%emt 0:00:27]} 8. Ne1 {[%emt 0:00:26]} Be7 {[%emt 0:04:16]} 9. Nd3 {[%emt 0:00:35]} f6 {[%emt 0:02:09]} 10. b3 {[%emt 0:00:28]} Bg4 {[%emt 0:11:28]} 11. Bxc6+ {[%emt 0:01:32]} bxc6 {[%emt 0:00:09]} 12. f3 {[%emt 0:00:07]} Bf5 {[%emt 0:06:26]} 13. Nf2 {[%emt 0:03:05]} h5 {[%emt 0:09:20]} 14. d3 {[%emt 0:05:00]} g5 {[%emt 0:02:17]} 15. Bd2 {[%emt 0:19:19]} Ne6 {[%emt 0:10:33]} 16. Rc1 {[%emt 0:02:58]} Kf7 {[%emt 0:04:26]} 17. Nfe4 {[%emt 0:12:15]} ({White should play} 17. Na4 $14) 17... Qg8 {[%emt 0:03:45]} (17... Bh3 $11) 18. Na4 {[%emt 0:08:05]} g4 $11 {[%emt 0:02:32]} 19. Naxc5 {[%emt 0:06:27]} h4 {[%emt 0:08:20]} 20. Nxe6 {[%emt 0:08:58]} hxg3 {[%emt 0:09:06]} 21. N6g5+ {[%emt 0:03:13]} fxg5 {[%emt 0:00:22]} 22. Nxg3 {[%emt 0:04:08]} Qh7 {[%emt 0:00:58]} 23. Rf2 {[%emt 0:00:07]} Bd7 {[%emt 0:03:21]} 24. fxg4+ {[%emt 0:00:38]} Ke8 {[%emt 0:07:14]} 25. Qc2 {[%emt 0:04:30]} c5 {[%emt 0:02:21]} 26. Qc4 {[%emt 0:01:19]} Rc8 {[%emt 0:03:08]} 27. Qd5 {[%emt 0:04:09]} Bxg4 {[%emt 0:05:12]} 28. Qxe5 {[%emt 0:00:42]} Kd7 {[%emt 0:00:53]} 29. Qd5+ {[%emt 0:05:51]} Ke8 {[%emt 0:02:16]} 30. Bc3 {[%emt 0:01:12]} Rg8 {[%emt 0:01:14]} 31. Rcf1 {[%emt 0:01:04]} Rd8 {[%emt 0:00:58]} 32. Qe5 {[%emt 0:01:23]} Bh3 {[%emt 0:00:19]} 33. Rd1 {[%emt 0:01:19]} Rg6 {[%emt 0:00:53]} 34. Nf5 {[%emt 0:01:17]} Bxf5 {[%emt 0:00:39]} 35. Qxf5 {[%emt 0:00:31]} Qg8 {[%emt 0:00:20]} 36. Rdf1 {[%emt 0:01:16]} Rd5 {[%emt 0:00:34]} 37. Qc8+ {[%emt 0:00:34]} Rd8 {[%emt 0:00:17]} 38. Qg4 {[%emt 0:00:38]} Qd5 {[%emt 0:00:55]} 39. Rf3 {[%emt 0:01:14]} 1-0

[Event "DSB-Frauenkader-Challenge 2021"]
[Site "Magdeburg"]
[Date "2021.04.08"]
[Round "4.3"]
[White "Bashylina, Luisa"]
[Black "Heinemann, Josefine"]
[Result "1-0"]
[WhiteElo "1978"]
[BlackElo "2296"]
[Annotator "NA"]
[PlyCount "109"]
[EventDate "2021.03.30"]
[EventType "tourn"]
[EventCountry "GER"]
[SourceTitle "playchess.com"]
[Source "ChessBase"]
[SourceQuality "1"]
[TimeControl "40/5400+30:1800+30"]

1. e4 {[%emt 0:00:00]} c5 {[%emt 0:00:00]} 2. Nf3 {[%emt 0:00:00]} d6 {[%emt 0:00:00]} 3. d4 {[%emt 0:00:00]} cxd4 {[%emt 0:00:00]} 4. Qxd4 {[%emt 0:00:00]} Nc6 {[%emt 0:00:12]} 5. Bb5 {[%emt 0:00:00]} Bd7 {[%emt 0:00:23]} 6. Bxc6 {[%emt 0:00:00]} Bxc6 {[%emt 0:00:05]} 7. Nc3 {[%emt 0:00:05]} Nf6 {[%emt 0:00:31]} 8. Bg5 {[%emt 0:00:06]} e6 {[%emt 0:00:11]} 9. Qd3 {[%emt 0:00:06]} Be7 {[%emt 0:00:51]} 10. Nd4 {[%emt 0:00:06]} Qa5 {[%emt 0:00:59]} 11. f4 {[%emt 0:01:52]} Bxe4 {[%emt 0:10:12]} 12. Qb5+ {[%emt 0:03:47]} Qxb5 {[%emt 0:00:41]} 13. Ndxb5 {[%emt 0:00:26]} Bxg2 {[%emt 0:00:14]} 14. Rg1 {[%emt 0:01:13]} Bc6 {[%emt 0:00:13]} 15. Nc7+ {[%emt 0:00:17]} Kd7 {[%emt 0:00:04]} 16. Nxa8 {[%emt 0:00:05]} Rxa8 {[%emt 0:00:04]} 17. O-O-O {[%emt 0:02:15]} g6 {[%emt 0:04:47]} 18. Rd3 {[%emt 0:10:15]} Ne4 {[%emt 0:11:32]} 19. Nxe4 {[%emt 0:19:30]} Bxe4 {[%emt 0:00:06]} 20. Rd4 {[%emt 0:03:50]} Bc6 {[%emt 0:01:58]} 21. Rgd1 {[%emt 0:01:35]} (21. Bxe7 $11 Kxe7 22. Kd2) 21... f6 {[%emt 0:04:26]} 22. Bh6 {[%emt 0:02:33]} Rg8 {[%emt 0:04:39]} 23. h4 {[%emt 0:06:35]} Rc8 {[%emt 0:03:25]} 24. c3 {[%emt 0:06:45]} Bd5 $17 {[%emt 0:07:55]} 25. Rg1 {[%emt 0:03:34]} Bf3 {[%emt 0:07:06]} 26. Rg3 {[%emt 0:02:42]} Bh5 {[%emt 0:01:52]} 27. Kc2 {[%emt 0:06:58]} Rc5 {[%emt 0:01:48]} 28. Ra4 {[%emt 0:06:57]} a6 {[%emt 0:00:57]} 29. Rb4 {[%emt 0:00:27]} b5 {[%emt 0:00:58]} 30. a4 {[%emt 0:01:38]} Be2 {[%emt 0:06:17]} 31. axb5 {[%emt 0:03:51]} Bxb5 {[%emt 0:02:10]} 32. f5 {[%emt 0:06:02]} Rxf5 {[%emt 0:00:37]} 33. c4 {[%emt 0:01:44]} Bc6 {[%emt 0:00:56]} 34. Bd2 {[%emt 0:01:51]} Kc7 {[%emt 0:04:08]} 35. Be3 {[%emt 0:03:34]} Re5 {[%emt 0:07:38]} 36. Bb6+ {[%emt 0:03:35]} Kd7 {[%emt 0:00:20]} 37. Ra3 {[%emt 0:00:34]} d5 {[%emt 0:00:32]} 38. c5 {[%emt 0:00:21]} Re2+ {[%emt 0:05:59]} 39. Kd1 {[%emt 0:01:03]} Rh2 {[%emt 0:02:15]} 40. Rxa6 {[%emt 0:00:19]} e5 {[%emt 0:00:06]} 41. Ra7+ {[%emt 0:04:49]} Ke6 {[%emt 0:01:44]} 42. Rc7 {[%emt 0:01:42]} Be8 {[%emt 0:00:49]} 43. Ba7 {[%emt 0:04:16]} Bf8 {[%emt 0:10:17]} 44. Rc8 {[%emt 0:02:28]} Kd7 {[%emt 0:03:01]} 45. Rbb8 {[%emt 0:00:54]} Bh6 {[%emt 0:01:12]} 46. Rxe8 {[%emt 0:03:33]} d4 {[%emt 0:00:20]} 47. Rh8 {[%emt 0:02:39]} Be3 {[%emt 0:02:11]} 48. Rb6 {[%emt 0:03:47]} Rxh4 {[%emt 0:00:46]} 49. Rd6+ {[%emt 0:00:55]} Kc7 {[%emt 0:03:58]} 50. Rf8 {[%emt 0:00:44]} e4 {[%emt 0:05:22]} 51. Rf7+ {[%emt 0:00:13]} Kc8 {[%emt 0:00:05]} 52. Bb6 {[%emt 0:01:15]} Rh1+ {[%emt 0:03:37]} 53. Kc2 {[%emt 0:00:23]} d3+ {[%emt 0:00:04]} 54. Kb3 {[%emt 0:00:11]} d2 {[%emt 0:00:07]} 55. Rd8# {[%emt 0:13:10]} 1-0

[Event "DSB-Frauenkader-Challenge 2021"]
[Site "Magdeburg"]
[Date "2021.04.08"]
[Round "4.4"]
[White "Schneider, Jana"]
[Black "Muetsch, Annmarie"]
[Result "0-1"]
[WhiteElo "2272"]
[BlackElo "2266"]
[Annotator "NA"]
[PlyCount "96"]
[EventDate "2021.03.30"]
[EventType "tourn"]
[EventCountry "GER"]
[SourceTitle "playchess.com"]
[Source "ChessBase"]
[SourceQuality "1"]
[TimeControl "40/5400+30:1800+30"]

1. e4 {[%emt 0:00:00]} d6 {[%emt 0:00:00]} 2. d4 {[%emt 0:00:00]} Nf6 {[%emt 0:00:01]} 3. Nc3 {[%emt 0:00:00]} Nbd7 {[%emt 0:00:09]} 4. Nf3 {[%emt 0:00:27]} e5 {[%emt 0:00:13]} 5. Bc4 {[%emt 0:00:22]} Be7 {[%emt 0:00:06]} 6. O-O {[%emt 0:00:20]} c6 {[%emt 0:00:24]} 7. a4 {[%emt 0:01:25]} Qc7 {[%emt 0:00:19]} 8. Re1 {[%emt 0:01:40]} h6 {[%emt 0:00:28]} 9. Ba2 {[%emt 0:19:05]} Nf8 {[%emt 0:01:19]} 10. Qe2 {[%emt 0:06:24]} Ng6 {[%emt 0:07:54]} 11. h3 {[%emt 0:03:16]} O-O {[%emt 0:03:45]} 12. Be3 {[%emt 0:02:18]} Nh5 {[%emt 0:14:22]} 13. Qc4 {[%emt 0:08:15]} Bd8 {[%emt 0:05:14]} (13... Be6 $5 {[%cal Re6c4]} 14. Qf1 Bxa2 15. Rxa2 Nf6 $11) 14. Rad1 {[%emt 0:04:11]} Nhf4 {[%emt 0:04:03]} 15. d5 {[%emt 0:11:36]} c5 {[%emt 0:09:36]} 16. Nb5 {[%emt 0:02:12]} (16. Ne2 $11 {keeps the balance.}) 16... Qd7 {[%emt 0:01:49]} 17. Nxd6 $19 {[%emt 0:01:51]} Qxd6 {[%emt 0:10:02]} 18. Bxc5 {[%emt 0:00:24]} Qf6 {[%emt 0:00:42]} 19. Re3 {[%emt 0:08:23]} Bd7 {[%emt 0:06:16]} 20. Qb4 {[%emt 0:07:23]} b6 {[%emt 0:00:36]} 21. Bxf8 {[%emt 0:00:07]} Nxf8 {[%emt 0:00:03]} 22. Qc3 {[%emt 0:02:40]} N8g6 {[%emt 0:01:41]} 23. d6 {[%emt 0:00:51]} Rc8 {[%emt 0:03:27]} 24. Qb3 {[%emt 0:02:34]} Rc5 {[%emt 0:03:51]} 25. Rd2 {[%emt 0:02:28]} Nf8 {[%emt 0:03:14]} 26. h4 {[%emt 0:06:04]} N8e6 {[%emt 0:01:30]} 27. g3 {[%emt 0:00:30]} Nh5 {[%emt 0:02:22]} 28. Rd5 {[%emt 0:01:59]} Bc6 {[%emt 0:08:28]} 29. Rxc5 {[%emt 0:00:10]} bxc5 {[%emt 0:00:24]} 30. Qb8 {[%emt 0:00:58]} Nhf4 {[%emt 0:07:25]} 31. Nxe5 {[%emt 0:02:53]} Nh3+ {[%emt 0:01:32]} 32. Kg2 {[%emt 0:00:48]} Qxf2+ {[%emt 0:00:59]} 33. Kxh3 {[%emt 0:00:06]} Nf4+ {[%emt 0:00:58]} 34. gxf4 {[%emt 0:00:34]} Qxe3+ {[%emt 0:00:17]} 35. Kh2 {[%emt 0:04:09]} Qf2+ {[%emt 0:01:23]} 36. Kh3 {[%emt 0:00:05]} Qxh4+ {[%emt 0:00:24]} 37. Kg2 {[%emt 0:00:09]} Bxe4+ {[%emt 0:00:09]} 38. Kf1 {[%emt 0:00:23]} Kh7 {[%emt 0:01:36]} 39. Bxf7 {[%emt 0:01:43]} Qxf4+ {[%emt 0:00:17]} 40. Ke2 {[%emt 0:00:16]} Qxe5 {[%emt 0:01:43]} 41. Qxd8 {[%emt 0:30:30]} Bg6+ {[%emt 0:01:44]} 42. Kd2 {[%emt 0:00:00]} Bxf7 {[%emt 0:00:35]} 43. Qc7 {[%emt 0:00:00]} Qd4+ {[%emt 0:00:42]} 44. Ke2 {[%emt 0:00:00]} Bh5+ {[%emt 0:00:26]} 45. Kf1 {[%emt 0:00:00]} Qf4+ {[%emt 0:02:19]} 46. Kg1 {[%emt 0:00:00]} Be2 {[%emt 0:02:01]} 47. Kg2 {[%emt 0:00:00]} Qf3+ {[%emt 0:00:44]} 48. Kh2 {[%emt 0:00:00]} Bf1 {[%emt 0:00:17]} 0-1